000 00913nam a2200241 a 4500
001 80528
003 BD-RjUL
005 20230404111420.0
008 221013s2006 bg ||||| m||| 00| 0 eng d
035 _a(BD-RjUL)80528
040 _aBD-RjUL
_beng
_cBD-RjUL
_dBD-RjUL
041 _aeng
082 _a514.3
_bMIS 2006
_223
100 _aMitra, Mallika
_95233
245 0 1 _aStudy of some Properties of Topological Spaces and of Their Generalisations /
_cby Mallika Mitra
_6Supervisor : Subrata Majumder
260 _aRajshahi :
_bDepartment of Mathematics, Faculty of Science University of Rajshahi,
_c2006
300 _a[6],128 Leves ;
_c29 cm.
502 _aThesis (M. Phil.) -- Department of Mathematics, Faculty of Science University of Rajshahi 2006
504 _aReferences : Leves 1-6
650 _aTopological
_xGeneralisations
_95234
700 _aMajumder, Subrata, Supervisor
_95235
942 _2ddc
_cTHE
999 _c80528
_d80528